[Event "Cholet-B"]
[Site "Cholet"]
[Date "2012.02.18"]
[Round "1"]
[White "Le Pen, Steven"]
[Black "Garay, Louis"]
[Result "1-0"]
[WhiteElo "1831"]
[BlackElo "1745"]
[PlyCount "91"]
[EventDate "2012.02.18"]
[EventType "tourn"]
[EventRounds "9"]
[EventCountry "FRA"]
[SourceTitle "EXT 2013"]
[Source "ChessBase"]
[SourceDate "2012.11.22"]
[SourceVersion "1"]
[SourceVersionDate "2012.11.22"]
[SourceQuality "1"]

1. e4 d5 2. exd5 Qxd5 3. Nf3 Bg4 4. Be2 Nf6 5. d4 c6 6. 0-0 Nbd7 7. c4 Qa5 8. Nc3 e6 9. a3 Qc7 10. Ng5 Bxe2 11. Qxe2 Nb6 12. f4 0-0-0 13. Be3 h6 14. Nf3 Ng4 15. Ne5 Nxe3 16. Qxe3 Qe7 17. Rae1 Nd7 18. d5 Nxe5 19. fxe5 Kb8 20. d6 Qe8 21. b4 Rd7 22. Rb1 Qd8 23. c5 Qg5 24. Qxg5 hxg5 25. Ne4 Rh5 26. Ng3 Rh4 27. Rbe1 Rd4 28. Re3 b6 29. Ref3 Rf4 30. Rxf4 gxf4 31. Rxf4 g5 32. Rg4 Bh6 33. Ne4 Kc8 34. Nxg5 bxc5 35. bxc5 Rb7 36. h4 Bg7 37. Nf3 Bh6 38. Rg8+ Kd7 39. Ng5 Rb1+ 40. Kh2 Rf1 41. Ra8 Bxg5 42. Rxa7+ Kd8 43. hxg5 Rd1 44. Rxf7 Rd5 45. g6 Rxe5 46. g7 1-0